Country focus (Record no. 81741)
[ view plain ]
| 000 -LEADER | |
|---|---|
| fixed length control field | 01018cab a22002055a 4500 |
| 001 - CONTROL NUMBER | |
| control field | L148175 |
| 008 - FIXED-LENGTH DATA ELEMENTS--GENERAL INFORMATION | |
| fixed length control field | 090711e20090731xxkdo f s 000 0 eng d |
| 035 ## - SYSTEM CONTROL NUMBER | |
| System control number | (Sirsi) u148175 |
| 041 0# - LANGUAGE CODE | |
| Language code of text/sound track or separate title | eng |
| 100 1# - MAIN ENTRY--PERSONAL NAME | |
| Personal name | Robinson, Tim |
| 245 00 - TITLE STATEMENT | |
| Title | Country focus |
| Remainder of title | Hong Kong |
| 260 ## - PUBLICATION, DISTRIBUTION, ETC. | |
| Date of publication, distribution, etc. | 2009 |
| 490 #0 - SERIES STATEMENT | |
| Series statement | Building |
| Volume/sequential designation | 274 (8590) 31 July 2009, 58-60 (3) |
| 520 ## - SUMMARY, ETC. | |
| Summary, etc. | Examines Hong Kong's economy and its construction market. Reports that GDP in Hong Kong has fallen by 16% since this time last year. Suggests that Hong Kong's construction industry has suffered from reduced workloads in China and Macau. Shows that private fit-out contractors have a turnover of 30 to 40% less than the previous year. Forecasts a fall in building construction costs for the second half of 2009 and the first half of 2010. Tables of Hong Kong's economy at glance and construction costs. |
| 590 ## - LOCAL NOTE (RLIN) | |
| Local note | KA |
| 651 #4 - SUBJECT ADDED ENTRY--GEOGRAPHIC NAME | |
| Geographic name | Hong Kong |
| 690 ## - LOCAL SUBJECT ADDED ENTRY--TOPICAL TERM (OCLC, RLIN) | |
| Topical term or geographic name as entry element | BUILT ENVIRONMENT-CONSTRUCTION MARKET |
| 690 ## - LOCAL SUBJECT ADDED ENTRY--TOPICAL TERM (OCLC, RLIN) | |
| Topical term or geographic name as entry element | BUILT ENVIRONMENT-BUILDING COSTS |
| 942 ## - ADDED ENTRY ELEMENTS (KOHA) | |
| Suppress in OPAC | 0 |
| Withdrawn status | Lost status | Source of classification or shelving scheme | Damaged status | Not for loan | Home library | Current library | Shelving location | Date acquired | Total Checkouts | Full call number | Barcode | Date last seen | Copy number | Price effective from | Koha item type |
|---|---|---|---|---|---|---|---|---|---|---|---|---|---|---|---|
| Dewey Decimal Classification | London | London | Journal article | 11/08/2009 | L148175 | 148175-1001 | 06/08/2019 | 1 | 06/08/2019 | Journal article |